000
00346pab a2200157 454500
008
180718b1977 xxu||||| |||| 00| 0 eng d
100
_a
Kumar, Satish
245
_a
Octroi - Can it be abolished?
260
_c
1977
300
_a
p.38-42.
362
_a
Oct-Dec
650
_a
Taxation
773
_a
Nagarlok
908
_a
N
909
_a
102296
999
_c
102294
_d
102294